[Event "CRO-chT U20 15th"]
[Site "Sv Filip i Jakov"]
[Date "2006.04.19"]
[Round "4"]
[White "Ramesa, Davor"]
[Black "Fadljevic, Vladimir"]
[Result "1-0"]
[WhiteElo "2264"]
[BlackElo "1900"]
[PlyCount "84"]
[EventDate "2006.04.18"]
[EventType "team-tourn"]
[EventRounds "9"]
[EventCountry "CRO"]
[SourceTitle "CBM 111 Extra"]
[Source "ChessBase"]
[SourceDate "2006.05.09"]
[SourceVersion "1"]
[SourceVersionDate "2006.05.09"]
[SourceQuality "1"]

1. c4 Nf6 2. Nc3 g6 3. e4 d6 4. d4 Bg7 5. Nf3 0-0 6. Be2 e5 7. Be3 Nc6 8. d5 Ne7 9. Nd2 Ne8 10. Qb3 b6 11. f3 f5 12. g4 f4 13. Bf2 Bd7 14. g5 Bh3 15. Bf1 Qc8 16. Ke2 Bh8 17. Qd1 a5 18. Bxh3 Qxh3 19. Qf1 Qxf1+ 20. Rhxf1 Nc8 21. a3 a4 22. b3 axb3 23. Nxb3 Rf7 24. a4 Rb8 25. Rfb1 Bg7 26. Kd3 Bf8 27. h4 Rg7 28. Nb5 Kh8 29. a5 Kg8 30. Ra2 Rb7 31. axb6 Nxb6 32. Na5 Rb8 33. Nc6 Rc8 34. Nxc7 Rcxc7 35. Bxb6 Rc8 36. Bf2 Rgc7 37. Rba1 Rb7 38. Kc2 Rd7 39. Ra8 Rxa8 40. Rxa8 Kf7 41. Rb8 Be7 42. c5 dxc5 1-0